A guide to the project management body of knowledge (PMBOK guide). (Record no. 2773)

MARC details
000 -LEADER
fixed length control field 00740cam a2200229 4500
001 - CONTROL NUMBER
control field 3424
005 - DATE AND TIME OF LATEST TRANSACTION
control field 20181127171200.0
008 - FIXED-LENGTH DATA ELEMENTS--GENERAL INFORMATION
fixed length control field 001016s2000 paua 001 0 eng
010 ## - LIBRARY OF CONGRESS CONTROL NUMBER
LC control number 00051727
020 ## - INTERNATIONAL STANDARD BOOK NUMBER
International Standard Book Number 1880410230 (pbk. : alk. paper)
International Standard Book Number 1930699107 (Q & As booklet)
International Standard Book Number 9781933890517
245 02 - TITLE STATEMENT
Title A guide to the project management body of knowledge (PMBOK guide).
246 30 - VARYING FORM OF TITLE
Title proper/short title PMBOK guide
250 ## - EDITION STATEMENT
Edition statement 4th edition.
260 ## - PUBLICATION, DISTRIBUTION, ETC.
Place of publication, distribution, etc. Newtown Square, Penn., USA :
Name of publisher, distributor, etc. Project Management Institute,
Date of publication, distribution, etc. 2008.
300 ## - PHYSICAL DESCRIPTION
Extent xxvi, 467p. :
Other physical details ill. ;
Dimensions 28 cm.
500 ## - GENERAL NOTE
General note Includes index.
650 #0 - SUBJECT ADDED ENTRY--TOPICAL TERM
Topical term or geographic name entry element Project management.
710 2# - ADDED ENTRY--CORPORATE NAME
Corporate name or jurisdiction name as entry element Project Management Institute.
740 02 - ADDED ENTRY--UNCONTROLLED RELATED/ANALYTICAL TITLE
Uncontrolled related/analytical title Q & As for the PMBOK guide (2000 edition)
Holdings
Withdrawn status Lost status Source of classification or shelving scheme Damaged status Not for loan Collection code Home library Current library Shelving location Date acquired Serial Enumeration / chronology Inventory number Total Checkouts Total Renewals Full call number Barcode Date last seen Date last checked out Price effective from Koha item type
    Dewey Decimal Classification     Main TEST RTC Library RTC Library Main opac 07/10/2022 5907 2 1 658.404 GUI 30002776 09/11/2023 06/07/2023 27/11/2018 Main
Royal Thimphu College || All Right Reserved